000 01159nam a2200325Mu 4500
005 20180313061554.0
008 140811s2013 sp ado fr 001 0 spa d
020 _a8490224617
020 _a9788490224618
040 _aCO-BoUCM
_bspa
_cJose A. Gerena
_dJose A. Gerena
041 1 _aspa
060 _aWG 500
100 1 _aCreager, Mark A.
_963692
245 1 0 _aMedicina vascular
_bComplemento de Braunwald. Tratado de Cardiología
250 _a2a ed
260 _aBarcelona (España)
_bElsevier
_c2013
300 _axx, 852 páginas
_bilustraciones, cuadros, gráficas, fotografías a color
504 _aIncluye referencias bibliográficas e índices
650 7 _914480
_aEnfermedades vasculares
650 7 _925906
_aTromboembolismo
650 7 _926112
_aVasos sanguíneos
650 7 _99543
_aArterias
650 7 _aIsquemia
_918040
690 _942752
_aCardiología
700 1 _aBeckman, Joshua A.
_963693
700 1 _aLoscalzo, Joseph
_963694
765 _tVascular medicine
856 _uwww.expertconsult.com
_zEste recurso requiere clave, por favor solicítela en la USEB
942 _a15
_cLIBRO
_e2
_mC912
_2NLM
_hWG 500
_n0
999 _c296514
_d296514